| Tag |
First Indicator |
Second Indicator |
Subfields |
| LEADER |
00000cam a2200000 4500 |
| 001 |
in00000034907 |
| 005 |
20151007063437.0 |
| 008 |
740823s1953 mau 00000 eng u |
| 010 |
|
|
|a 53012223
|
| 035 |
|
|
|a (OCoLC)00988146
|
| 035 |
|
|
|9 AAD7423AM
|
| 040 |
|
|
|c YNG
|d TXA
|d UtOrBLW
|
| 049 |
|
|
|a TXAM
|c [225801]
|
| 050 |
|
0 |
|a PN3355
|b .W57
|
| 092 |
|
|
|a 808.3
|b W638b
|
| 100 |
1 |
|
|a Widdemer, Margaret.
|
| 245 |
1 |
0 |
|a Basic principles of fiction writing.
|
| 264 |
|
1 |
|a Boston :
|b The Writer,
|c [1953]
|
| 300 |
|
|
|a 252 pages ;
|c 20 cm.
|
| 336 |
|
|
|a text
|b txt
|2 rdacontent
|
| 337 |
|
|
|a unmediated
|b n
|2 rdamedia
|
| 338 |
|
|
|a volume
|b nc
|2 rdacarrier
|
| 500 |
|
|
|a "Some of the material ... was originally published in [the author's] Do you want to write?"
|
| 650 |
|
0 |
|a Fiction
|x Technique.
|
| 650 |
|
0 |
|a Authorship.
|
| 999 |
|
|
|a MARS
|
| 999 |
f |
f |
|s 07a72430-eb3f-3091-ad4e-a5274594c010
|i c8417e50-d65a-36af-8cc3-4194607d4e7f
|t 0
|
| 952 |
f |
f |
|p ric
|a Texas A&M University
|b Rellis Campus
|c Joint Library Facility
|d Remote Storage
|t 0
|e PN3355 .W57
|h Library of Congress classification
|i unmediated -- volume
|m A14801198837
|
| 998 |
f |
f |
|a PN3355 .W57
|t 0
|l Remote Storage
|